Rosie's walk / (Record no. 5895)

MARC details
000 -LEADER
fixed length control field 00943nam a22003017a 4500
001 - CONTROL NUMBER
control field 5895
003 - CONTROL NUMBER IDENTIFIER
control field FISKH
005 - DATE AND TIME OF LATEST TRANSACTION
control field 20250602120145.0
008 - FIXED-LENGTH DATA ELEMENTS--GENERAL INFORMATION
fixed length control field 250131b cb ||||| |||| 00| 0 eng d
020 ## - INTERNATIONAL STANDARD BOOK NUMBER
International Standard Book Number 0590412396
020 ## - INTERNATIONAL STANDARD BOOK NUMBER
International Standard Book Number 9780020437505
040 ## - CATALOGING SOURCE
Original cataloging agency FISKH
Language of cataloging eng
Transcribing agency FISKH
Modifying agency FISKH
050 ## - LIBRARY OF CONGRESS CALL NUMBER
Classification number PZ10.H97 R
082 ## - DEWEY DECIMAL CLASSIFICATION NUMBER
Classification number 823.914
100 ## - MAIN ENTRY--PERSONAL NAME
Personal name Hutchins, Pat
Dates associated with a name (1942–2017)
245 ## - TITLE STATEMENT
Title Rosie's walk /
Statement of responsibility, etc. Pat Hutchins
250 ## - EDITION STATEMENT
Edition statement First printing in 1987
260 ## - PUBLICATION, DISTRIBUTION, ETC.
Place of publication, distribution, etc. New York :
Name of publisher, distributor, etc. Scholastic,
Date of publication, distribution, etc. 1968.
300 ## - PHYSICAL DESCRIPTION
Extent 27 pages :
Other physical details color illustrations ;
Dimensions 20 cm
505 ## - FORMATTED CONTENTS NOTE
Formatted contents note G<br/>
520 ## - SUMMARY, ETC.
Summary, etc. Although unaware that a fox is after her as she takes a walk around the farmyard, Rosie the hen still manages to lead him into one accident after another.
521 8# - TARGET AUDIENCE NOTE
Target audience note 380<br/>
Source Lexile estimate<br/>
521 8# - TARGET AUDIENCE NOTE
Target audience note G<br/>
Source Raz-Plus<br/>
650 ## - SUBJECT ADDED ENTRY--TOPICAL TERM
Source of heading or term Farm animals
Topical term or geographic name entry element Chickens
650 ## - SUBJECT ADDED ENTRY--TOPICAL TERM
Source of heading or term Fox
Topical term or geographic name entry element Positional words
942 ## - ADDED ENTRY ELEMENTS (KOHA)
Source of classification or shelving scheme Dewey Decimal Classification
Koha item type Books
Suppress in OPAC No
Holdings
Withdrawn status Lost status Source of classification or shelving scheme Damaged status Not for loan Collection Home library Current library Shelving location Date acquired Total Checkouts Full call number Barcode Date last seen Date last checked out Copy number Price effective from Koha item type
    Dewey Decimal Classification     Juvenile Fiction Footprints International School Library Network Toul Kork Campus Footprints International School Library Network Toul Kork Campus TK Primary Library Room(4th Floor), Bookcase 1&2, Shelves 1-16, Dark Blue Books 01/31/2025 1 HUT 823.914 PZ10.H97 R 2025-0117 02/26/2025 02/19/2025 1 01/31/2025 Books
    Dewey Decimal Classification     Juvenile Fiction Footprints International School Library Network Toul Kork Campus Footprints International School Library Network Toul Kork Campus TK Primary Library Room(4th Floor), Bookcase 1&2, Shelves 1-16, Dark Blue Books 05/13/2025   HUT 823.914 PZ10.H97 R FISTK01803 05/13/2025   2 05/13/2025 Books
    Dewey Decimal Classification     Juvenile Fiction Footprints International School Library Network Toul Kork Campus Footprints International School Library Network Toul Kork Campus TK Primary Library Room(4th Floor), Bookcase 1&2, Shelves 1-16, Dark Blue Books 06/02/2025   HUT 823.914 PZ10.H97 R FISTK02896 06/02/2025   3 06/02/2025 Books